Capital formation and economic development
Na minha lista:
| Autor principal: | |
|---|---|
| Formato: | Livro |
| Idioma: | inglês |
| Publicado em: |
Londres
George Allen & Unwin
1964
|
| coleção: | Studies in the Economic Development of India
|
| Assuntos: | |
| Tags: |
Adicionar Tag
Sem tags, seja o primeiro a adicionar uma tag!
|
MARC
| LEADER | 00000nam a2200000 a 4500 | ||
|---|---|---|---|
| 001 | UCQ1270 | ||
| 003 | CL-VaPUC | ||
| 008 | 980709e19640000UK |||||||||||||||||eng|d | ||
| 082 | 0 | 4 | |a 338.954 |b ROS |2 21 |
| 100 | 0 | |a Rosenstein-Rodan, P. N |e author |9 415003 | |
| 245 | 1 | 0 | |a Capital formation and economic development |
| 300 | |a 164 p | ||
| 942 | |c BK | ||
| 945 | |d 19980709 00:00:00 |a crobeson | ||
| 260 | |a Londres |b George Allen & Unwin |c 1964 | ||
| 650 | 7 | |a PLANIFICACION ECONOMICA |2 CL-VaPUC |9 321496 | |
| 650 | 7 | |a OPERACIONES DE OBTENCION DE CAPITAL |2 CL-VaPUC |9 388773 | |
| 650 | 0 | |a Planificación del desarrollo |9 326796 | |
| 650 | 7 | |a POLITICA DE DESARROLLO |2 CL-VaPUC |9 335853 | |
| 650 | 0 | |a Desarrollo económico y social |9 256320 | |
| 650 | 0 | |a Modelos matemáticos |9 259437 | |
| 651 | 0 | |a India |9 267804 | |
| 583 | |a last modification |c 19980709 00:00:00 |k Rodrigo Vera | ||
| 490 | 0 | |a Studies in the Economic Development of India | |
| 999 | |c 272273 |d 272271 | ||